| 000 | 00675nam a2200229 i 4500 | ||
|---|---|---|---|
| 001 | 141077 | ||
| 003 | ES-MaACL | ||
| 005 | 20250712081415.0 | ||
| 007 | t| | ||
| 008 | 070919s1985 fr ||||1| fre d | ||
| 020 | _a2-264-00682-X | ||
| 080 | _a821.133.1 | ||
| 245 | 0 | 0 |
_aAnthologie du roman populaire, 1836-1918 / _cpar Michel Nathan. |
| 260 |
_aParis : _bUnion Générale d'Éditions, _c[1985] |
||
| 300 |
_a373 p. ; _c18 cm. |
||
| 490 | 1 |
_a10/18 ; _v1700 |
|
| 500 | _aBiblioteca Jacinto Martínez Lacalle. | ||
| 700 | 1 |
_aNathan, Michel. _984993 |
|
| 830 | 0 |
_a10/18 _v1700 _9187194 |
|
| 852 |
_aES-MaACL _jE-12162 _bR.140071 |
||
| 999 |
_c141077 _d141077 |
||